Prefectures on Kyushu - Statistics

General Stats
  • This quiz has been taken 70 times
  • The average score is 7 of 8
Answer Stats
Prefectures % Correct
Nagasaki
100%
Fukuoka
96%
Miyazaki
91%
Saga
91%
Kagoshima
87%
Oita
83%
Kumamoto
78%
Okinawa
70%
No matching quizzes found
Score Distribution
Percent of People with Each Score
Percentile by Number Answered
Your Score History
You have not taken this quiz